Casa de barcos (Registo nº 197809)

Detalhes MARC
000 -Etiqueta do registo
Valores 00749nam 22002293 4500
010 ## - Número ISBN
ISBN 978-989-853-646-8
021 ## - Número do Depósito Legal
Número 545091/25
Código do país Portugal
100 ## - Dados gerais de processamento
Dados gerais 20250910d u||y0pory50 ba
101 ## - Língua de publicação
Língua Português
200 ## - Titulo e menção de responsabilidade
Título próprio Casa de barcos
Primeira menção de responsabilidade Jon Fosse
Outras menções de responsabilidade tradução do norueguês Liliete Martins
205 ## - Menção da edição
Edição
210 ## - Publicação
Local de publicação Lisboa
Nome do editor Cavalo de Ferro
Data de publicação 2025
215 ## - Descrição física 
Paginação / Volumes 139 p.
Outras indicações físicas brochado
Dimensões 23 cm
606 ## - Nome comum usado como assunto
ID Autoridade 4695
Palavra de ordem Literatura Juvenil Norueguesa
606 ## - Nome comum usado como assunto
ID Autoridade 15901
Palavra de ordem Literaturas em línguas germânicas do norte, nórdicas (escandinavas)
675 ## - CDU
Notação 821.113.5-3
Edição PT
Língua por
700 ## - Autor principal (pessoa individual)
ID Autoridade 4837
Apelido Fosse
Nome Jon
Datas 1959-
801 ## - Fonte de origem
País PT
Agência BMMN
Regras de catalogação RPC
830 ## - Notas gerais do catalogador
Criado por Fernando e Carlos Pinto
Indexado por Fernando e Carlos Pinto
Data de modificação 29-10-2025
990 ## - Elementos KOHA
Tipo de documento Livro
Exemplares
Situação do levantamento Biblioteca de origem Código de barras Cota Permissão de empréstimo Tipo de documento Forma de aquisição
  Biblioteca Municipal de Montemor-o-Novo 25972 821.113.5-3 FOS|LG   Livro Compra
  Biblioteca Municipal de Montemor-o-Novo 25973 821.113.5-3 FOS|DEP   Livro Compra
  Biblioteca Municipal de Montemor-o-Novo 25974 821.113.5-3 FOS|DEP   Livro Compra
  Biblioteca Municipal de Montemor-o-Novo 25975 821.113.5-3 FOS|LAV   Livro Compra
  Biblioteca Municipal de Montemor-o-Novo 25976 821.113.5-3 FOS|CORT   Livro Compra
  Escola Secundária de Montemor-o-Novo 27133 821.113.5-31/FOS/CAS   Livro Oferta

Powered by Koha